Soulation of Problems surveying and levelling. (Record no. 544047)

000 -LEADER
fixed length control field 00365nam a22001337a 4500
082 ## - DEWEY DECIMAL CLASSIFICATION NUMBER
Classification number 526.9
Author Mark AHM
100 ## - MAIN ENTRY--PERSONAL NAME
Personal name Ahmad, S
9 (RLIN) 39587
245 ## - TITLE STATEMENT
Title Soulation of Problems surveying and levelling.
260 ## - PUBLICATION, DISTRIBUTION, ETC.
Place of publication, distribution, etc. Lahore
Name of publisher, distributor, etc. National Book Stall
300 ## - PHYSICAL DESCRIPTION
Extent viii, 402p. :
Other physical details ill, :
Dimensions 4 Cm
526 ## - STUDY PROGRAM INFORMATION NOTE
Program name 0
Interest level 0
Reading level 0
Title point value 526_900000000000000_AHM
650 ## - SUBJECT ADDED ENTRY--TOPICAL TERM
Topical term or geographic name entry element MCE
9 (RLIN) 379
942 ## - ADDED ENTRY ELEMENTS (KOHA)
Source of classification or shelving scheme
Koha item type Book
Holdings
Withdrawn status Lost status Source of classification or shelving scheme Damaged status Not for loan Permanent Location Current Location Date acquired Total Checkouts Full call number Barcode Date last seen Price effective from Koha item type
          Military College of Engineering (MCE) Military College of Engineering (MCE) 04/09/2014   526.9 AHM MCE-30610 04/09/2014 04/09/2014 Book
© 2023 Central Library, National University of Sciences and Technology. All Rights Reserved.